000
00349nam a2200157Ia 4500
100
_a
Gottfried /Byron S.
250
_a
3
942
_c
BK
654
_a
Computer
245
_a
schaums theory and problem of programming with Basics
260
_b
Mc Graw Hill
_c
1982
082
_a
5.133
_b
GOT
300
_a
282
546
_a
ENGLISH
999
_c
33578
_d
33578